000 00225nam a2200109Ia 4500
008 190216s9999||||xx |||||||||||||| ||und||
100 _aGhosh P.K
245 0 _aCost Accounting
260 _bNull
300 _a706p
942 _cBK
999 _c4042
_d4042